000 00455nam a2200181Ia 4500
005 20250423095543.0
008 250422s9999 xx 000 0 und d
020 _a0-619-00097
050 _aQA 76.76.063 .W46/
100 _aNicholas Wells
245 0 _aGuide Linux Installation and Administration
260 _aMassachusetts
260 _bCourse Technology
260 _c2000
300 _a601 p
650 _aSoftware Installation
942 _cBK
999 _c30628
_d30628